header

Victorians and the Virgin Mary (Record no. 55743)

MARC details
000 -LEADER
fixed length control field 01864nam a2200397 a 4500
082 04 - DEWEY DECIMAL CLASSIFICATION NUMBER
Classification number 232.910942/09034
100 1# - MAIN ENTRY--AUTHOR NAME
Personal name Herringer, Carol Engelhardt.
245 10 - TITLE STATEMENT
Title Victorians and the Virgin Mary
260 ## - PUBLICATION, DISTRIBUTION, ETC. (IMPRINT)
Place of publication Manchester, U.K. ;
-- New York :
Name of publisher Manchester University Press,
Year of publication c2008.
300 ## - PHYSICAL DESCRIPTION
Number of Pages x, 221 p.
505 0# - FORMATTED CONTENTS NOTE
Formatted contents note Religion, gender, and the Virgin Mary -- The Catholic Virgin Mary -- The Protestant Virgin Mary -- Sex, sin, and salvation : the debate over the Immaculate Conception -- The Virgin Mary and the formation of Victorian masculinities.
650 #0 - SUBJECT ADDED ENTRY--TOPICAL TERM
Topical Term Feminism
Topical Term Feminism
Topical Term Women in Christianity
856 40 - ELECTRONIC LOCATION AND ACCESS
Uniform Resource Identifier http://site.ebrary.com/lib/rucke/Doc?id=10623214

No items available.

© 2026 Rongo University
Contact us: librarian | system librarian | Rongo university